Statystyki dla Imiona żeńskie w którym sąsiadują dwie takie same litery

Kliknij tutaj aby rozwiązać quiz!

Ogólne statystyki

  • Ten quiz został rozwiązany 201 razy
    (103 od ostatniego zresetowania)
  • Średni wynik to 4 z 7

Statystyki odpowiedzi

Odpowiedź% Poprawnych
Anna
92%
Joanna
62%
Hanna
60%
Marianna
53%
Wioletta
36%
Zuzanna
34%
Izabella
26%

Rozkład punktacji

Percentyl według liczby udzielonych odpowiedzi

Procent ludzi z każdym wynikiem

Twoja historia wyników

Nie rozwiązałeś tego quizu od ostatniego zresetowania